150 Most Popular 90s Songs - Statistics

General Stats
  • This quiz has been taken 233 times
    196 since last reset
  • The average score is 83 of 150
Answer Stats
Number Year Song Artist % Correct
134 1992 Lithium Nirvana
91%
117 1993 Heart Shaped Box Nirvana
91%
108 1992 Come As You Are Nirvana
91%
2 1991 Smells Like Teen Spirit Nirvana
91%
97 1995 Scream Michael Jackson
86%
87 1995 You Are Not Alone Michael Jackson
86%
74 1992 Remember The Time Michael Jackson
86%
56 1991 Black Or White Michael Jackson
86%
30 1996 They Don't Care About Us Michael Jackson
86%
41 1997 Everybody (Backstreet's Back) Backstreet Boys
84%
5 1999 I Want It That Way Backstreet Boys
84%
116 1999 That's The Way It Is Celine Dion
83%
91 1993 The Power Of Love Celine Dion
83%
3 1997 My Heart Will Go On Celine Dion
83%
69 1995 Fantasy Mariah Carey
83%
66 1993 Hero Mariah Carey
83%
54 1996 Always Be My Baby Mariah Carey
83%
42 1995 One Sweet Day Mariah Carey
83%
23 1994 Without You Mariah Carey
83%
11 1994 All I Want For Christmas Is You Mariah Carey
83%
133 1996 Don't Look Back In Anger Oasis
83%
19 1995 Wonderwall Oasis
83%
90 1998 When You Belive Whitney Houston
83%
57 1993 I Have Nothing Whitney Houston
83%
1 1992 I Will Always Love You Whitney Houston
83%
4 1998 ...Baby One More Time Britney Spears
81%
65 1990 Thunderstruck AC/DC
80%
107 1999 The Next Episode Dr. Dre
80%
14 1999 Still D.R.E. Dr. Dre
80%
61 1998 Frozen Madonna
79%
20 1990 Vogue Madonna
79%
141 1993 Everybody Hurts R.E.M.
79%
45 1991 Losing My Religion R.E.M.
79%
135 1996 Say You'll Be There Spice Girls
77%
6 1996 Wannabe Spice Girls
77%
47 1990 Ice Ice Baby Vanilla Ice
77%
150 1994 Circle Of Life Elton John
75%
39 1997 Candle In The Wind Elton John
75%
24 1990 U Can't Touch This MC Hammer
72%
55 1995 Waterfalls TLC
72%
46 1999 No Scrubs TLC
72%
25 1999 My Name Is Eminem
71%
7 1995 Gangsta's Paradise Coolio
70%
104 1991 Enter Sandman Metallica
70%
34 1992 Nothing Else Matters Metallica
70%
114 1999 Scar Tissue Red Hot Chili Peppers
70%
80 1992 Under The Bridge Red Hot Chili Peppers
70%
8 1999 Livin' La Vida Loca Ricky Martin
70%
9 1994 Zombie The Cranberries
68%
102 1996 Crazy Aerosmith
66%
18 1998 I Don't Wanna Miss A Thing Aerosmith
66%
85 1992 Creep Radiohead
66%
89 1995 Kiss From A Rose Seal
65%
10 1997 Barbie Girl Aqua
64%
75 1998 Iris Goo Goo Dolls
64%
59 1995 Dear Mama 2Pac
63%
36 1998 Changes 2Pac
63%
22 1995 California Love 2Pac
63%
16 1999 Say My Name Destiny's Child
63%
103 1999 Mrs. Jackson Outkast
63%
106 1999 Man! I Feel Like A Woman Shania Twain
63%
67 1998 You're Still The One Shania Twain
63%
29 1992 November Rain Guns N' Roses
62%
124 1992 All That She Wants Ace Of Base
61%
52 1993 The Sign Ace Of Base
61%
38 1999 Genie In A Bottle Christina Aguilera
61%
88 1994 Basket Case Green Day
61%
81 1996 Ironic Alanis Morissette
59%
12 1996 Don't Speak No Doubt
59%
26 1990 Nothing Compares 2 U Sinead O'Connor
59%
140 1992 Nuthin' But A 'G' Thang Snoop Dogg
59%
58 1997 MMMBop Hanson
58%
98 1999 All The Small Things Blink-182
57%
86 1993 Please Forgive Me Bryan Adams
57%
17 1991 (Everything I Do) I Do It For You Bryan Adams
57%
137 1992 Tears In Heaven Eric Clapton
57%
148 1991 I'm Too Sexy Right Said Fred
57%
144 1996 I Believe I Can Fly R. Kelly
57%
101 1994 Big Poppa The Notorious B.I.G.
57%
44 1994 Juicy The Notorious B.I.G.
57%
48 1997 Bitter Sweet Symphony The Verve
57%
146 1994 Buddy Holly Weezer
57%
110 1994 Say It Ain't So Weezer
57%
94 1993 That's The Way Love Goes Janet Jackson
56%
72 1996 Ready Or Not Fugees
55%
32 1996 Killing Me Softly With His Song Fugees
55%
64 1999 All Star Smash Mouth
55%
62 1997 Song 2 Blur
53%
49 1993 I'd Do Anything For Love (But I Won't Do That) Meat Loaf
53%
31 1998 Believe Cher
52%
129 1997 Everlong Foo Fighters
52%
120 1994 Black Hole Sun Soundgarden
52%
127 1992 One U2
51%
79 1994 I'll Make Love To You Boyz II Men
50%
50 1992 End Of The Road Boyz II Men
50%
119 1993 Killing In The Name Rage Against The Machine
48%
76 1992 Baby Got Back Sir Mix-A-lot
48%
131 1992 Jeremy Pearl Jam
47%
40 1999 Smooth Santana
46%
122 1993 It Was A Good Day Ice Cube
45%
100 1996 Lovefool The Cardigans
45%
125 1991 The Show Must Go On Queen
44%
21 1996 Un-Break My Heart Toni Braxton
44%
43 1997 I'll Be Missing You Puff Daddy
43%
28 1999 Mambo No. 5 Lou Bega
42%
121 1999 Sandstorm Darude
41%
92 1998 Pretty Fly (For A White Guy) The Offspring
41%
83 1999 If You Had My Love Jennifer Lopez
40%
78 1995 Scatman (Ski-Ba-Bop-Ba-Dop-Bop}) Scatman John
40%
35 1993 What's Up? 4 Non Blondes
39%
143 1993 Are You Gonna Go My Way Lenny Kravitz
39%
13 1995 Macarena Los Del Rio
39%
37 1997 Torn Natalie Imbruglia
39%
128 1995 This Is How We Do It Montell Jordan
37%
77 1994 Cotton Eye Joe Rednex
37%
68 1997 Truly Madly Deeply Savage Garden
37%
149 1992 Informer Snow
37%
96 1997 Around The World Daft Punk
36%
105 1996 Virtual Insanity Jamiroquai
36%
118 1999 Freak On A Leash Korn
36%
63 1996 No Diggity Blackstreet
35%
84 1990 It Must Have Been Love Roxette
35%
15 1993 What Is Love Haddaway
34%
71 1992 Jump Kris Kross
34%
33 1991 Wind Of Change Scorpions
34%
139 1996 Firestarter The Prodigy
34%
73 1994 Always Bon Jovi
32%
113 1990 Enjoy The Silence Depeche Mode
32%
99 1990 The Power Snap!
32%
60 1992 Rhythm Is A Dancer Snap!
32%
123 1998 Boom, Boom, Boom, Boom Vengaboys
30%
130 1998 Ruff Ryders' Anthem DMX
28%
111 1999 X Gon' Give It To Ya DMX
28%
27 1998 Blue (Da Ba Dee) Eiffel 65
28%
51 1998 The Boy Is Mine Brandy & Monica
27%
112 1996 Return Of The Mack Mark Morrison
26%
82 1994 I Swear All-4-One
23%
70 1994 The Rhythm Of The Night Corona
21%
136 1994 C.R.E.A.M. Wu-Tang Clan
21%
93 1995 Be My Lover La Bouche
19%
126 1995 Insomnia Faithless
16%
53 1995 Children Robert Miles
16%
132 1994 Return To Innocence Enigma
14%
115 1999 Better Off Alone Alice Deejay
12%
95 1991 Get Ready For This 2 Unlimited
10%
138 1995 We Only Come Out At Night Smashing Pumpkins
7%
142 1990 Cliffs Of Dover Eric Johnson
6%
109 1993 Somewhere Over The Rainbows Israel Kamakawiwo'ole
4%
145 1991 Suicide Machine Death
1%
147 1995 Break Da Law "95" Three 6 Mafia
1%
No matching quizzes found
Score Distribution
Percent of People with Each Score
Percentile by Number Answered
Your Score History
You have not taken this quiz since the last reset